| 000 | 01086nam a22002537a 4500 | ||
|---|---|---|---|
| 005 | 20170124103012.0 | ||
| 010 | _aB-065950 | ||
| 020 |
_c25.00 _a8126014164 |
||
| 035 | _aB-065950 | ||
| 037 | _bCen Lib/Ret | ||
| 040 |
_aDPL _bHN |
||
| 082 |
_a820.92 _bप्रसाद |
||
| 100 |
_aप्रसाद, दिनेश्वर _958001 |
||
| 245 |
_aफादर कामिल बुल्के / _cदिनेश्वर प्रसाद |
||
| 246 |
_aFader kamil bulke _b by Dineshwar Prasad |
||
| 260 |
_aनई दिल्ली _bसाहित्य अकादेमी _c2002 |
||
| 270 |
_aरविन्द्र भवन 35, फिरोज़शाह मार्ग _bनई दिल्ली _e110001 |
||
| 300 |
_a116पृष्ठ. _c20सेमी(सजिल्द) |
||
| 650 |
_aहिंदी साहित्य _958003 |
||
| 650 |
_aहिंदी राम कथा _958004 |
||
| 650 |
_ahindi literature _958005 |
||
| 650 |
_aHindi Ram Katha _958006 |
||
| 942 |
_2ddc _cHN _h820.92 _mप्रसाद |
||
| 999 |
_c114710 _d114710 |
||